[Event "World Junior U20 Open 2018"]
[Site "Gebze"]
[Date "2018.09.14"]
[Round "10.1"]
[White "Maghsoodloo, Parham"]
[Black "Vavulin, Maksim"]
[Result "1-0"]
[WhiteElo "2649"]
[BlackElo "2559"]
[Annotator "TA"]
[PlyCount "73"]
[EventDate "2018.09.05"]
[EventType "swiss"]
[EventCountry "TUR"]
[SourceTitle "playchess.com"]
[Source "ChessBase"]
[SourceQuality "1"]

{[%evp 21,73,1,7,6,12,4,0,8,26,16,42,25,52,53,102,27,102,64,119,27,68,39,66,89,272,233,357,350,397,318,419,422,406,381,314,306,320,100,658,164,735,727,1512,1418,775,764,5202,5202,29990,29991,29991,29991,29997,29998]} 1. Nf3 c5 2. e4 d6 3. d4 Nf6 4. Nc3 cxd4 5. Nxd4 a6 6. h3 e5 7. Nde2 h5 {B90: Sicilian Najdorf: Unusual White 6th moves, 6 Be3 Ng4 and 6 Be3 e5} 8. Bg5 Be6 (8... Be7 9. Ng3 g6 10. Bc4 Be6 11. Bb3 Nbd7 12. Qf3 Nc5 13. O-O-O Nfd7 14. Bxe7 Qxe7 15. Qe3 {½-½ (43) Xiong,J (2650)-Kovalyov,A (2644) Irving 2018}) 9. Bxf6 Qxf6 10. Nd5 Qd8 11. Qd3 g6 {LiveBook: 3 Games} 12. O-O-O Bh6+ 13. Kb1 Nd7 14. Qa3 Nc5 15. Nec3 O-O $146 16. h4 $1 b5 17. f3 f5 18. Be2 ({White should try} 18. exf5 $1 $16 gxf5 19. g3) 18... Bg7 (18... f4 $11 {remains equal.}) 19. g4 hxg4 {[#]} ({Black should play} 19... fxg4 $14 20. fxg4 Bxg4) 20. fxg4 (20. exf5 $1 $16 gxf5 21. fxg4) 20... fxg4 21. Rhg1 Rb8 22. Bxg4 Bf7 $2 {[#]} (22... Bxg4 $16 23. Rxg4 Rf3) 23. h5 $1 $18 gxh5 (23... g5 {is a better defense.} 24. b4 a5) 24. Bf5 Kh8 25. Ne2 {Threatens to win with Rxg7!} Bh6 26. Qh3 ({Weaker is} 26. Qg3 a5 $14) 26... Rg8 27. Rxg8+ Qxg8 28. Rg1 Qf8 29. Ng3 $2 (29. Nf6 $18 {has better winning chances.}) 29... Rb7 $2 {[%mdl 8192]} (29... Qg7 $16) 30. Nf6 $2 (30. Nxh5 Bxd5 31. exd5) 30... b4 $2 (30... Qg7 31. Nfxh5 Qg5) 31. Ngxh5 a5 32. Nh7 Bxa2+ 33. Kxa2 Rxh7 34. Bxh7 Kxh7 35. Qg4 {White mates.} Qf7+ 36. Kb1 Ne6 {[#]} 37. Nf6+ $1 {[%mdl 512] Precision: White = 43%, Black = 12%.} 1-0

[Event "World Junior U20 Open 2018"]
[Site "Gebze"]
[Date "2018.09.14"]
[Round "10.2"]
[White "Puranik, Abhimanyu"]
[Black "Bai, Jinshi"]
[Result "1/2-1/2"]
[WhiteElo "2524"]
[BlackElo "2556"]
[Annotator "TA"]
[PlyCount "35"]
[EventDate "2018.09.05"]
[EventType "swiss"]
[EventCountry "TUR"]
[SourceTitle "playchess.com"]
[Source "ChessBase"]
[SourceQuality "1"]

{[%evp 14,35,-4,-2,0,-8,-11,-21,0,0,16,-18,-18,-16,-16,-14,-13,-10,0,0,0,-3,0,0]} 1. e4 e5 2. Nf3 Nf6 3. d4 Nxe4 4. dxe5 d5 5. Nbd2 Nc5 6. Nb3 {C43: Petroff Defence: 3 d4} (6. Be2 Be7 7. O-O O-O 8. Re1 Nc6 9. Nb3 Re8 10. Bb5 Bg4 11. h3 Bh5 12. Nxc5 Bxc5 13. g4 Bg6 14. Bg5 Be7 15. Bf4 a6 16. Bd3 Qd7 {½-½ (16) Matlakov,M (2704)-Li,C (2724) Qinhuangdao 2018}) 6... Ne6 7. Nbd4 Nxd4 8. Nxd4 {LiveBook: 7 Games. The position is equal.} Bc5 9. Be3 $146 {[%cal Bc1e3,Be3d4,Bd4c5][%mdl 32]} ({Predecessor:} 9. c3 O-O 10. b4 Bb6 11. Bd3 a5 12. b5 Nd7 13. Bf4 Re8 {½-½ (43) Walk,R (2346)-Kolpak,S (2329) ICCF email 2016}) 9... O-O 10. Bd3 Bxd4 11. Bxd4 Nc6 12. Bc5 Re8 13. f4 $1 Qh4+ $1 14. g3 Qh3 15. Bf1 Qf5 {[#] Threatens to win with ...Qe4+.} 16. Bd3 Qh3 {Threatening ...Nxe5!} 17. Bf1 Qf5 {White must now prevent ...Qe4+.} 18. Bd3 {Precision: White = 80%, Black = 56%.} 1/2-1/2

[Event "World Junior U20 Open 2018"]
[Site "Gebze"]
[Date "2018.09.14"]
[Round "10.3"]
[White "Christiansen, Johan-Sebastian"]
[Black "Hakobyan, Aram"]
[Result "1/2-1/2"]
[WhiteElo "2525"]
[BlackElo "2554"]
[Annotator "TA"]
[PlyCount "109"]
[EventDate "2018.09.05"]
[EventType "swiss"]
[EventCountry "TUR"]
[SourceTitle "playchess.com"]
[Source "ChessBase"]
[SourceQuality "1"]

{[%evp 18,109,33,43,60,50,37,21,37,27,32,28,19,22,28,26,20,20,50,20,29,29,28,20,37,34,36,33,89,33,38,0,0,0,10,5,19,12,13,16,21,14,23,18,103,85,158,156,156,141,158,154,150,84,77,91,98,99,105,15,13,13,13,14,18,8,15,0,8,0,35,0,0,0,0,0,8,8,8,8,8,0,0,0,0,0,0,0,0,0,0,0,0,0]} 1. e4 e5 2. Nf3 Nc6 3. Bc4 Bc5 4. c3 Nf6 5. d3 a6 6. O-O d6 7. a4 h6 8. Re1 {C54: Giuoco Piano: 4 c3 Nf6, main lines with 5 d4 and 5 d3} Ba7 9. Nbd2 g5 10. b4 {LiveBook: 6 Games. White is slightly better.} Be6 $146 ({Predecessor:} 10... Nh5 11. Nb3 g4 12. b5 gxf3 13. Qxf3 Qf6 14. Qxf6 Nxf6 15. bxc6 bxc6 {½-½ (30) Karjakin,S (2760)-Carlsen,M (2837) London 2017}) 11. Bxe6 fxe6 12. Nc4 g4 13. Nfd2 O-O 14. Nf1 h5 15. Be3 Bxe3 16. Nfxe3 d5 17. exd5 exd5 18. b5 (18. Na5 {keeps more tension.} Nxa5 19. bxa5 Qd7 20. Rb1 c6 21. c4) 18... axb5 19. axb5 Rxa1 $1 20. Qxa1 dxc4 21. bxc6 bxc6 22. dxc4 h4 (22... Nd7 $14) 23. Nf5 (23. Qb1 $16) 23... Qd2 $14 24. Qc1 (24. Rxe5 {seems wilder.} Nd7 25. Ne7+ Kg7 26. Qe1 Qxe1+ 27. Rxe1 Rf4 28. Nxc6 Rxc4 29. Nd4) 24... Qxc1 25. Rxc1 $11 {[%mdl 4096] Endgame KRN-KRN} h3 26. Ne7+ Kf7 27. Nxc6 e4 28. Ra1 Re8 29. Ra5 e3 {[#] Threatens to win with ...e2.} 30. Ne5+ Kg7 (30... Ke6 $11 {remains equal.} 31. fxe3 Rb8 32. gxh3 gxh3) 31. fxe3 $16 Rd8 ({Black should play} 31... Kf8 32. Kf1 Ke7) 32. gxh3 gxh3 {[#]} 33. Kf2 $1 Rd2+ 34. Kg3 Re2 35. Kxh3 (35. Rc5 $142) 35... Rxe3+ 36. Kh4 Rxc3 37. Rc5 Ne8 38. Ng4 (38. Kg5 $16) 38... Kg6 $11 39. Rg5+ Kf7 40. Rf5+ Ke6 41. Re5+ Kf7 $1 42. Rc5 {Black should prevent Kg5.} Kg6 43. Ne5+ Kf5 44. h3 Nd6 {The position is equal.} 45. Nf7+ Ke6 46. Ng5+ Kf6 47. Rxc7 Rxc4+ 48. Rxc4 Nxc4 {KN-KN} 49. Kh5 Ne3 50. Ne4+ Kf5 51. Nd6+ Kf4 52. Kg6 Kg3 53. Nf5+ Nxf5 54. Kxf5 Kxh3 55. Ke4 {Precision: White = 58%, Black = 65%.} 1/2-1/2

[Event "World Junior U20 Open 2018"]
[Site "Gebze"]
[Date "2018.09.14"]
[Round "10.4"]
[White "Gavrilescu, David"]
[Black "Esipenko, Andrey"]
[Result "0-1"]
[WhiteElo "2470"]
[BlackElo "2593"]
[Annotator "TA"]
[PlyCount "60"]
[EventDate "2018.09.05"]
[EventType "swiss"]
[EventCountry "TUR"]
[SourceTitle "playchess.com"]
[Source "ChessBase"]
[SourceQuality "1"]

{[%evp 14,60,36,0,4,0,6,-49,-41,-58,-51,-36,-42,-38,-41,-41,-39,-111,-116,-126,-71,-93,-89,-98,-87,-77,-77,-82,-27,-160,-145,-116,-62,-65,-59,-120,-104,-500,-475,-497,-499,-481,-440,-507,-498,-477,-475,-29991,-29992]} 1. e4 e5 2. Nf3 Nc6 3. Bc4 Nf6 4. d3 h6 5. O-O d6 6. c3 g5 {C55: Two Knights: 4 d3, 4 d4 exd4 5 e5 and Max Lange Attack} 7. Re1 (7. a4 Bg7 8. Re1 O-O 9. h3 d5 10. exd5 Nxd5 11. Nbd2 a6 12. Ne4 Nf4 13. a5 b5 14. axb6 cxb6 {1-0 (43) Karjakin,S (2782)-Mamedyarov,S (2808) Paris 2018}) 7... Bg7 8. d4 {LiveBook: 7 Games} O-O {The position is equal.} 9. h3 $146 ({Predecessor:} 9. dxe5 dxe5 10. Qxd8 Rxd8 11. b4 a6 12. Nbd2 Ne8 13. a4 Nd6 14. Ba2 {1-0 (63) Popov,I (2599)-Triapishko,O (2500) Sochi 2017}) 9... exd4 10. Nxd4 (10. cxd4 $11 d5 11. exd5 Nxd5 12. Nc3) 10... Nxe4 $15 11. Nxc6 bxc6 12. Rxe4 d5 13. Re1 dxc4 14. Qa4 Re8 15. Rd1 ({Better is} 15. Rxe8+ $15 Qxe8 16. Be3) 15... Qf6 $17 16. Be3 Qg6 (16... Rb8 $142 17. Rd2 g4 18. hxg4 Bxg4) 17. Qxc4 g4 18. h4 g3 {aiming for ...Bg4.} 19. Nd2 gxf2+ 20. Bxf2 Bh3 (20... Rb8 $17 21. Nb3 Bh3) 21. g3 (21. Qf1 $1 $11 {was the only way to keep the balance.}) 21... Rab8 $1 {[%cal Rb8b2]} 22. b3 {[#]} Rbd8 (22... c5 $1 $17 {[%mdl 512]} 23. Nf1 (23. Qxc5 Re2) 23... Bxc3 $1 {[%mdl 512]}) 23. Nf1 {[#]} c5 $1 $40 {[%mdl 640] White must now prevent ...Qc6. White needs to defend precisely.} 24. Kh2 {[#]} ({White should try} 24. Rxd8 $1 $15 Rxd8 25. Kh2) (24. Qxc5 Qe4) 24... Bc8 $1 {And now ...Qc2 would win.} 25. Re1 $2 {[%mdl 8192]} (25. Ne3 $17 {is a better chance.}) 25... Qf5 26. Kg1 Bb7 27. Nh2 Qd7 28. Rxe8+ Qxe8 29. Qa4 Qe6 {( -> ...Qh3)} 30. Qc4 (30. Qg4 $19 Qd5 31. Qf3 Qxf3 32. Nxf3 Bxf3 33. Bxc5) 30... Qc6 {Precision: White = 31%, Black = 71%.} 0-1

[Event "World Junior U20 Open 2018"]
[Site "Gebze"]
[Date "2018.09.14"]
[Round "10.5"]
[White "Liang, Awonder"]
[Black "Lobanov, Sergei"]
[Result "0-1"]
[WhiteElo "2575"]
[BlackElo "2535"]
[Annotator "TA"]
[PlyCount "86"]
[EventDate "2018.09.05"]
[EventType "swiss"]
[EventCountry "TUR"]
[SourceTitle "playchess.com"]
[Source "ChessBase"]
[SourceQuality "1"]

{[%evp 11,86,10,33,32,33,16,29,25,30,23,15,-9,21,21,16,19,31,20,27,22,22,19,38,3,6,6,7,5,7,17,0,-23,-31,-65,-65,-60,-55,-64,-54,-57,-56,-86,-72,-78,-12,-91,-100,-99,-101,-87,-27,-27,-25,-27,-38,-28,-31,-28,-25,-33,-31,-95,-89,-141,-146,-138,-147,-170,-170,-291,-306,-462,-418,-2770,-2441,-29987,-29988]} 1. e4 c5 2. Nf3 d6 3. Bb5+ Nd7 4. Ba4 (4. O-O a6 5. Bd3 Ngf6 6. Re1 g6 7. c3 Bg7 8. Bc2 O-O 9. d4 e5 10. a4 cxd4 11. cxd4 exd4 12. Nxd4 Nc5 {1-0 (33) Jakovenko,D (2748)-Nepomniachtchi,I (2768) Satka 2018}) 4... Ngf6 5. O-O a6 6. c4 {B51: Sicilian: Moscow Variation (3 Bb5+) without 3...Bd7} g6 {LiveBook: 8 Games} 7. Nc3 Bg7 8. d3 {White is slightly better.} O-O 9. h3 Rb8 10. Rb1 Ne8 11. Bg5 $146 ({Predecessor:} 11. Be3 Nc7 12. Bxd7 Bxd7 13. d4 Ne6 {½-½ (65) Segovic,G (2232)-Zufic,M (2459) Bol 2015}) 11... h6 12. Be3 Nc7 13. Qd2 Kh7 14. b4 b5 15. cxb5 axb5 16. Bc2 e5 17. Nh2 Ne6 18. bxc5 b4 19. Na4 dxc5 20. Bb3 Nd4 21. Bxd4 cxd4 22. f4 exf4 23. Rxf4 Ne5 24. Nb2 h5 25. Nf3 f5 {[%cal Bf7f5,Bf5e4][%mdl 32]} 26. Rf1 {[%cal Bb1f1,Bf1f7,Bf7e7][%mdl 32]} Nxf3+ 27. R4xf3 Bb7 (27... Bh6 $17 28. Qc2 Re8) 28. Nc4 (28. g4 $1 $11 {remains equal.}) 28... Qe7 $17 ({Reject} 28... fxe4 $6 29. Rxf8 Bxf8 30. dxe4 $11) 29. Nb6 fxe4 ({Don't play} 29... Bh6 $6 30. Qe1 $11) 30. Rf7 Rxf7 ({Black should try} 30... e3 $17 31. Rxe7 Rxf1+ 32. Kxf1 exd2) 31. Rxf7 $11 e3 {[#] aiming for ...Qxf7.} 32. Rxe7 exd2 33. Nc4 Ba6 {And now ...Bxc4 would win.} 34. Nxd2 Bxd3 35. Nf3 Kh6 36. h4 {[#]} (36. g4 $15) 36... Bf6 $1 $17 {[%cal Rf6e7]} 37. Rf7 (37. Re6 $142 Rf8 38. Rd6) 37... Rb6 38. Rc7 Be4 39. Bg8 {[%csl Gg8][%cal Rc7h7]} Rb7 40. Rc4 (40. Rxb7 $142 Bxb7 41. Bb3) 40... Kg7 $19 41. Be6 (41. Rc8 {keeps fighting.}) 41... Re7 42. Bh3 (42. Nxd4 $142 Bxd4+ 43. Rxd4 Rxe6 44. Rxb4) 42... Bxf3 43. gxf3 d3 {Precision: White = 48%, Black = 77%.} 0-1

[Event "World Junior U20 Open 2018"]
[Site "Gebze"]
[Date "2018.09.14"]
[Round "10.6"]
[White "Martirosyan, Haik M"]
[Black "Santos Ruiz, Miguel"]
[Result "1-0"]
[WhiteElo "2597"]
[BlackElo "2524"]
[Annotator "TA"]
[PlyCount "81"]
[EventDate "2018.09.05"]
[EventType "swiss"]
[EventCountry "TUR"]
[SourceTitle "playchess.com"]
[Source "ChessBase"]
[SourceQuality "1"]

{[%evp 11,81,8,19,18,23,23,29,27,27,-22,0,0,5,4,5,-10,10,-58,12,-41,-23,-44,0,0,54,52,50,44,58,47,48,46,78,0,11,14,0,11,37,22,69,72,69,61,120,114,109,106,119,120,203,200,235,215,233,236,229,225,224,219,283,204,197,152,289,271,892,399,858,418,29992,29993]} 1. e4 c5 2. Nf3 d6 3. d4 cxd4 4. Nxd4 Nf6 5. Nc3 a6 6. h3 b5 7. g4 {[%cal Bg2g4,Bg4g5][%mdl 32] B90: Sicilian Najdorf: Unusual White 6th moves, 6 Be3 Ng4 and 6 Be3 e5} (7. a4 b4 8. Nd5 e6 9. Nxf6+ Qxf6 10. g3 e5 11. Nf5 Bb7 12. Bg2 d5 13. Ne3 d4 14. Nd5 Bxd5 15. exd5 Bc5 16. O-O {½-½ (16) Volokitin,A (2639)-Sarana,A (2577) Batumi 2018}) 7... Bb7 8. Bg2 Nc6 9. g5 {White has an edge.} Nd7 10. Nf5 b4 $146 ({Predecessor:} 10... g6 11. Ne3 Bg7 12. a4 b4 13. Ncd5 a5 14. h4 Rc8 {1-0 (45) Suarez Uriel,A (2396)-Almagro Llamas,P (2483) Madrid 2018}) 11. Ne2 Qc7 12. O-O e6 13. Nfg3 Be7 14. f4 (14. Be3 $11) 14... O-O (14... Qb6+ $15 15. Kh1 a5) 15. b3 (15. Be3 $11) 15... Rfe8 16. Bb2 e5 17. h4 exf4 (17... a5 $11) 18. Nxf4 $14 Nce5 19. Nf5 Bf8 20. Ne3 a5 21. Qd2 Nb6 22. c4 ({Better is} 22. Rf2 $16) 22... bxc3 $1 $11 23. Bxc3 a4 24. Rac1 Qd8 25. Bd4 Nc6 26. Bxb6 Qxb6 27. Nfd5 Qd4 {[#]} (27... Qa7 $14) 28. Qf2 $1 $16 {[%cal Rf2f7]} Ne5 {[#]} 29. Nc7 $1 $36 {[%mdl 2048] White is really pushing.} Ba6 30. Rfd1 (30. Nxe8 $6 Bxf1 31. Rxf1 axb3 $11) 30... Nd3 (30... Qa7 $16) 31. Nxa6 $18 (31. Nxa8 Rxa8 32. Bf1 axb3 $14) (31. Nxe8 $6 Rxe8 32. Rc7 Re7 $16) 31... Rxa6 32. Bf1 axb3 33. Rxd3 b2 34. Rb1 {[%cal Bc1b1,Bb1b2,Bb2b7][%mdl 32]} (34. Rxd4 bxc1=Q 35. Rd1 Qa3 $15) 34... Qxe4 35. Rxb2 {And now Nd5 would win.} d5 36. Ng2 (36. Rxd5 Ra3 $14) 36... Rc6 37. Qf3 Qa4 (37... h6 $16 {was necessary.} 38. Rb7 Qxf3 39. Rxf3 hxg5 40. hxg5 (40. Rfxf7 gxh4 41. Rbd7 Re4 $18) 40... Re5) 38. Rb7 Rc1 $2 (38... Re7) 39. Qxf7+ Kh8 40. Rf3 (40. h5 $142 {Intending h6 and mate.} Bc5+ 41. Kh2) 40... Bc5+ (40... Qd4+ $18 41. Kh1 Rcc8) 41. Kh1 {Precision: White = 64%, Black = 35%.} 1-0

[Event "World Junior U20 Open 2018"]
[Site "Gebze"]
[Date "2018.09.14"]
[Round "10.7"]
[White "Lagunow, Raphael"]
[Black "Firouzja, Alireza"]
[Result "0-1"]
[WhiteElo "2403"]
[BlackElo "2582"]
[Annotator "TA"]
[PlyCount "76"]
[EventDate "2018.09.05"]
[EventType "swiss"]
[EventCountry "TUR"]
[SourceTitle "playchess.com"]
[Source "ChessBase"]
[SourceQuality "1"]

{[%evp 9,76,15,17,11,12,3,16,6,13,2,7,7,13,0,0,0,15,10,18,21,16,17,16,1,12,4,8,-4,0,-7,-2,-18,0,0,33,17,34,0,0,0,0,-43,-50,-27,-22,-164,-70,-230,-215,-226,-221,-230,-224,-216,-225,-229,-213,-223,-232,-231,-235,-203,0,0,8,-1350,-1281,-1127,-1111]} 1. e4 c5 2. Nf3 d6 3. Nc3 a6 4. g3 e5 (4... b5 5. Bg2 Bb7 6. d3 Nc6 7. O-O e6 8. Ng5 Nf6 9. f4 h6 10. Nh3 Be7 11. Kh1 Qc7 12. Bd2 O-O-O {1-0 (43) Bacrot,E (2708)-Karjakin,S (2781) Paris 2017}) 5. a4 $146 ({Predecessor:} 5. Bg2 Nc6 6. d3 Nge7 7. O-O g6 8. Nh4 Bg7 9. f4 exf4 10. gxf4 Nd4 11. Kh1 Nec6 12. Nf3 {0-1 (38) Fressinet,L (2662)-Korobov,A (2652) Riadh 2017}) 5... Nc6 6. Bg2 {B50: Sicilian: 2...d6, Miscellaneous} g6 7. d3 Bg7 8. Nd2 {The position is equal.} Rb8 9. Nc4 b5 10. axb5 axb5 11. Ne3 Nge7 12. h4 h5 13. Ncd5 Nxd5 14. Nxd5 Bg4 15. Bf3 Be6 16. c3 (16. Bg5 {feels hotter.} f6 17. Be3 O-O 18. O-O b4 19. c3) 16... Bxd5 17. exd5 Ne7 18. Qb3 Qd7 19. Ra6 O-O 20. Qa2 Rfc8 21. O-O Bf6 {[%cal Bg7f6,Bf6d8,Bd8a5][%mdl 32]} 22. Re1 c4 23. Qa3 Nf5 $1 24. dxc4 Rxc4 25. Rc6 Ra4 26. Qb3 Bd8 27. Kf1 {[#]} (27. Qd1 $11) 27... Ne7 (27... Nxg3+ $1 $19 {[%mdl 512]} 28. fxg3 Qh3+ 29. Bg2 Qxg3) 28. c4 $2 ({White should try} 28. Qd1 $15) 28... Ba5 $1 $19 {[%cal Ra5e1]} (28... Nxc6 29. dxc6 Qh3+ 30. Bg2 $17) 29. cxb5 Rb4 (29... Nxc6 30. Qxa4 Nd4 31. Re3 $17) 30. Qa3 R8xb5 {aiming for ...Rb3.} ({Don't take} 30... Nxc6 31. bxc6 Qf5 32. Qxa5 $17) ({Don't play} 30... R4xb5 31. Qxd6 (31. Rxd6 $2 Qc7 $19) 31... Qxd6 32. Rxd6) 31. Rc3 Nxd5 32. Rd3 Nb6 $1 {...Qf5 is the strong threat.} 33. b3 {[#]} Qf5 $1 {[%cal Rf5d3]} 34. Be2 e4 35. Rxd6 {[#]} Rxb3 $2 $40 {[%mdl 128] Black mounts an attack.} (35... Nc8 $1 $19 36. Ra6 Rxb3 37. Rxa5 Rxa3 38. Rxa3 Rb1) 36. Rd8+ $11 Kh7 37. Rh8+ $2 {[%mdl 8192]} (37. g4 $11 Qc5 38. Qa1) 37... Kxh8 $19 38. Qf8+ Kh7 {Precision: White = 38%, Black = 58%.} 0-1

[Event "World Junior U20 Open 2018"]
[Site "Gebze"]
[Date "2018.09.14"]
[Round "10.8"]
[White "Petrosyan, Manuel"]
[Black "Karthik Venkataraman"]
[Result "1/2-1/2"]
[WhiteElo "2581"]
[BlackElo "2519"]
[Annotator "TA"]
[PlyCount "60"]
[EventDate "2018.09.05"]
[EventType "swiss"]
[EventCountry "TUR"]
[SourceTitle "playchess.com"]
[Source "ChessBase"]
[SourceQuality "1"]

{[%evp 32,60,-4,-10,0,0,0,0,0,0,0,0,0,0,0,0,0,0,0,0,0,0,0,0,0,0,0,0,0,0,0]} 1. Nf3 c5 2. c4 Nc6 3. Nc3 g6 4. e3 Nf6 5. d4 cxd4 6. exd4 d5 7. cxd5 Nxd5 8. Bc4 Nb6 9. Bb3 Bg7 10. d5 Na5 11. O-O O-O 12. Re1 Bg4 13. Bg5 Re8 14. h3 {D94: Grünfeld: 4 Nf3 Bg7 5 e3} Bxc3 15. bxc3 Nxb3 16. axb3 Bxf3 17. Qxf3 {LiveBook: 7 Games. The position is equal.} f6 (17... Qxd5 18. Qxd5 Nxd5 19. c4 f6 20. cxd5 fxg5 21. Rac1 Rad8 22. Rc7 Rxd5 23. Rxb7 a5 24. Rexe7 {½-½ (24) Fridman,D (2648)-Rodshtein,M (2638) Beersheba 2013}) 18. Be3 {c4 is the strong threat.} Qxd5 19. Bxb6 $146 ({Predecessor:} 19. Qg3 Qxb3 20. Bc5 e5 21. Rab1 Qe6 22. Qe3 Nd5 23. Qd3 Rec8 24. Bb4 Nf4 {0-1 (24) Westerman,O-Groot,J ICCF email 2013}) 19... Qxf3 20. gxf3 axb6 21. Rxa8 Rxa8 22. Rxe7 $11 {[%mdl 4096] Endgame KR-KR} Ra3 23. b4 Rxc3 24. Rxb7 Rxf3 25. Kg2 Rf4 26. Rxb6 Kf7 27. Rb7+ Ke6 28. b5 Rb4 29. Rxh7 Rxb5 30. Ra7 g5 1/2-1/2

[Event "World Junior U20 Open 2018"]
[Site "Gebze"]
[Date "2018.09.14"]
[Round "10.9"]
[White "Tabatabaei, M amin"]
[Black "Thybo, Jesper Sondergaard"]
[Result "1-0"]
[WhiteElo "2576"]
[BlackElo "2499"]
[Annotator "TA"]
[PlyCount "49"]
[EventDate "2018.09.05"]
[EventType "swiss"]
[EventCountry "TUR"]
[SourceTitle "playchess.com"]
[Source "ChessBase"]
[SourceQuality "1"]

{[%evp 11,49,4,20,-40,-30,-23,-12,-28,-13,-17,-22,-24,-8,-20,-11,-12,47,48,70,69,73,79,149,198,281,300,450,448,442,341,548,518,524,525,899,899,867,859,834,787]} 1. Nf3 Nf6 2. c4 e6 3. b3 d5 4. Bb2 Be7 5. e3 O-O 6. Nc3 b6 {LiveBook: 105 Games} 7. Rg1 {A13: English Opening: 1...e6} (7. cxd5 $11 exd5 8. d4) (7. cxd5 Nxd5 8. Nxd5 exd5 9. Qc2 c5 10. a3 Nc6 11. Bb5 Bb7 12. O-O Rc8 13. Rac1 a6 14. Be2 d4 {½-½ (36) Carlsen,M (2843)-Karjakin,S (2782) Stavanger 2018}) 7... Bb7 8. g4 Nbd7 9. g5 {The position is equal.} Ne4 {[%cal Re4g5]} 10. h4 Nxc3 $146 ({Predecessor:} 10... Ndc5 11. Nxe4 Nxe4 12. Bd3 Nc5 13. Bxh7+ Kxh7 14. Ne5 {0-1 (24) Nachbar,B (2137)-Kistella,R (2253) Germany 2013}) 11. Bxc3 Nc5 12. cxd5 Bxd5 13. Ne5 Ne4 (13... f6 $1 $11 14. gxf6 Bxf6) 14. Bd3 $14 {[%cal Bf1d3,Bd3h7,Bh7f5][%mdl 32]} Nxc3 15. dxc3 Bd6 16. Ng4 $1 {And now Bxh7+! would win.} (16. Qh5 $2 g6 $19) 16... Kh8 {[#]} (16... g6 $142) 17. Bxh7 $1 $16 {[%mdl 512]} f5 {[#]} (17... Be7 $142) (17... Kxh7 18. Nf6+) 18. Nf6 $1 $18 {[%mdl 512] Intending Bg6 and mate.} Rxf6 {[#]} (18... gxf6 19. Qh5 Bf3 20. Qh6 Rf7 21. Bxf5+ Kg8 22. gxf6+ Bg3 23. Rxg3+ Bg4 24. Rxg4+ Rg7 25. Qxg7#) (18... Be5 {keeps fighting.}) 19. Qh5 $1 {Threatening mate with Bg6+.} (19. gxf6 Qxf6 20. Bg6 Qxc3+ 21. Kf1 Kg8 $14) 19... Be5 20. O-O-O {[%cal Ba1d1,Bd1d5,Bd5d7][%mdl 32]} ({Less strong is} 20. gxf6 Qxf6 21. O-O-O Qh6 $18) 20... Qd6 $2 (20... Rh6 21. gxh6 g6 22. Bxg6 Qe7) 21. Bxf5+ {White is clearly winning.} ({Worse is} 21. gxf6 Qa3+ 22. Kd2 Qxa2+ 23. Kc1 Qa1+ 24. Kd2 Bxc3+ 25. Ke2 Qa2+ 26. Kf1 (26. Kd3 {gets mated.} Be4+ 27. Kc4 b5+ 28. Kxc3 b4+ 29. Kxb4 Rb8+ 30. Kc4 Qxb3+ 31. Kd4 Qd5+ 32. Kc3 Rb3#) 26... Qa6+ 27. Qe2 Qxe2+ 28. Kxe2 Bxb3 $17) 21... Kg8 22. gxf6 Qa3+ 23. Kb1 {White threatens Rxg7+ and mate.} Bxf6 {[#]} 24. Rxd5 $1 exf5 (24... exd5 25. Be6+) 25. Rd7 {Precision: White = 88%, Black = 26%.} 1-0

[Event "World Junior U20 Open 2018"]
[Site "Gebze"]
[Date "2018.09.14"]
[Round "10.10"]
[White "Narayanan.S.L"]
[Black "Sindarov, Javokhir"]
[Result "1-0"]
[WhiteElo "2573"]
[BlackElo "2484"]
[Annotator "TA"]
[PlyCount "52"]
[EventDate "2018.09.05"]
[EventType "swiss"]
[EventCountry "TUR"]
[SourceTitle "playchess.com"]
[Source "ChessBase"]
[SourceQuality "1"]

{[%evp 29,52,141,139,142,129,135,136,136,156,161,165,173,181,170,178,168,160,147,147,145,147,147,172,172,541]} 1. d4 Nf6 2. c4 c5 3. d5 e6 4. Nc3 exd5 5. cxd5 d6 6. Nf3 {[%cal Bg1f3,Bf3d2,Bd2c4][%mdl 32]} g6 7. Bf4 Bg7 8. Qa4+ Bd7 9. Qb3 Qc7 10. e4 O-O 11. Nd2 Re8 {A70: Modern Benoni: 6 e4 g6 7 Nf3} (11... Nh5 12. Be3 f5 13. exf5 Bxf5 14. h3 Nf6 15. g4 Bd7 16. Bg2 Na6 17. O-O Rab8 18. Rfe1 b5 19. Nce4 Ne8 20. a3 {½-½ (49) Riazantsev,A (2666)-Donchenko,A (2559) Douglas 2017}) 12. Be2 a6 13. a4 Bg4 14. f3 Nh5 15. Be3 Bc8 {LiveBook: 5 Games} 16. Nc4 Nd7 17. g4 Nhf6 {White is clearly better.} 18. Bf4 Bf8 19. h4 $146 {[%cal Bh2h4,Bh4h5][%mdl 32]} ({Predecessor:} 19. a5) 19... Ne5 20. Bxe5 $1 dxe5 21. a5 Rb8 22. h5 g5 23. Qb6 Qxb6 24. axb6 Bd7 25. Ra5 Ra8 26. Kd2 Ba4 $2 {Precision: White = 88%, Black = 53%.} (26... Kg7 27. Ke3 h6) 1-0